000 00639nam a2200229Ia 4500
003 OSt
005 20220926011711.0
006 a|||||r|||| 00| 0
007 ta
008 220923b |||||||| |||| 00| 0 eng d
037 _cGeneral Book
040 _aRTL
_cRTL
_beng
041 _2eng
_aeng
082 _aX: (B), M1
100 _aAoki Masanao
245 0 _aDynamic analysis of open economics
260 _aNew York
_bAcademic Press USA
_c1981
300 _axxvi, 341p. Bibliography P 327-33
_ccm.
650 _aMathematics Economics
942 _hX: (B), M1
_cGB
_2CC
999 _c620776
_d620776